000
00328pam a2200145 a 4500
020
_c
041
_a
eng
082
_a
616.9041
_b
MUR
100
_a
Mury, Bauron .
245
_a
Mannual Of Cinical Mirobilogy VOL 1
_h
Textual Documents
250
_a
2003.
260
_a
[s.l]:
_b
ASM Press
300
_a
1212 pg .
930
_a
9448
999
_c
86353
_d
86353